000 00430nam a2200169Ia 4500
003 GCL
008 140319s9999 xx 000 0 eng d
040 _aGCL /
_cGCL
082 0 4 _a792
_bH P
100 1 _aHOLDERNESS, GRAHAM
245 1 0 _aTHE POLITICS OF THEATRE AND DRAMA /
_cHOLDERNESS, GRAHAM
260 _a[S.N] :
_bMac Millan Press ،
_c1992
300 _a220 P
650 0 4 _aTHEATER
650 0 4 _aDRAMA
942 _2ddc
_cBK
999 _c24438
_d24438